Easy home carpentry (Record no. 20496)

MARC details
000 -CABECERA
campo de control de longitud fija 01059nam a2200313 4500
003 - IDENTIFICADOR DEL NÚMERO DE CONTROL
campo de control OSt
005 - FECHA Y HORA DE LA ÚLTIMA TRANSACCIÓN
campo de control 20260601171011.0
008 - DATOS DE LONGITUD FIJA--INFORMACIÓN GENERAL
campo de control de longitud fija 260505b1975\\\\xxua||||\||||\00|\0\eng\d
040 ## - FUENTE DE LA CATALOGACIÓN
Centro catalogador/agencia de origen ICI
Lengua de catalogación spa
Centro/agencia transcriptor ICI
041 ## - CÓDIGO DE LENGUA
Código de lengua del texto/banda sonora o título independiente eng
050 ## - SIGNATURA TOPOGRÁFICA DE LA BIBLIOTECA DEL CONGRESO
Número de clasificación TT187
Número de documento/Ítem E37 1975
100 ## - ENTRADA PRINCIPAL--NOMBRE DE PERSONA
Nombre de persona Nunn, V. Richard,
Término indicativo de función/relación autor
9 (RLIN) 33094
245 #1 - MENCIÓN DE TÍTULO
Título Easy home carpentry
Mención de responsabilidad, etc. Richard V. Nunn ; editor Karen Phillips
264 ## - PRODUCCIÓN, PUBLICACIÓN, DISTRIBUCIÓN, FABRICACIÓN Y COPYRIGHT
Producción, publicación, distribución, fabricación y copyright Estados Unidos :
Nombre del de productor, editor, distribuidor, fabricante Oxmoor House,
Fecha de producción, publicación, distribución, fabricación o copyright 1975
300 ## - DESCRIPCIÓN FÍSICA
Extensión 96 páginas :
Otras características físicas ilustraciones
336 ## - TIPO DE CONTENIDO
Término de tipo de contenido texto
Fuente rdacontent
337 ## - TIPO DE MEDIO
Nombre/término del tipo de medio sin medio
Fuente rdamedia
338 ## - TIPO DE SOPORTE
Nombre/término del tipo de soporte volumen
Fuente rdacarrier
500 ## - NOTA GENERAL
Nota general Guía práctica de carpintería para el hogar
500 ## - NOTA GENERAL
Nota general Texto en cubiertas "Tool techniques material selection fastening / joining framing and finishing tips"
650 ## - PUNTO DE ACCESO ADICIONAL DE MATERIA--TÉRMINO DE MATERIA
Término de materia o nombre geográfico como elemento de entrada Carpintería
650 ## - PUNTO DE ACCESO ADICIONAL DE MATERIA--TÉRMINO DE MATERIA
Término de materia o nombre geográfico como elemento de entrada Carpintería
Subdivisión de forma Obras para aficionados
9 (RLIN) 33096
650 ## - PUNTO DE ACCESO ADICIONAL DE MATERIA--TÉRMINO DE MATERIA
Término de materia o nombre geográfico como elemento de entrada Bricolaje
650 ## - PUNTO DE ACCESO ADICIONAL DE MATERIA--TÉRMINO DE MATERIA
Término de materia o nombre geográfico como elemento de entrada Construcción en madera
650 ## - PUNTO DE ACCESO ADICIONAL DE MATERIA--TÉRMINO DE MATERIA
Término de materia o nombre geográfico como elemento de entrada Mejoras del hogar
9 (RLIN) 33099
655 ## - TÉRMINO DE INDIZACIÓN--GÉNERO/FORMA
Fuente del término local
Datos o término principal de género/forma Guías prácticas
700 #1 - PUNTO DE ACCESO ADICIONAL--NOMBRE DE PERSONA
Nombre de persona Phillips, Karen
Término indicativo de función/relación editor
9 (RLIN) 33101
942 ## - ELEMENTOS DE PUNTO DE ACCESO ADICIONAL (KOHA)
Fuente del sistema de clasificación o colocación Library of Congress Classification
Tipo de ítem Koha Libros
Suprimir en OPAC 1

No items available.